Statistics for The Spiderman Quiz two

Click here to take the quiz!

General Stats

  • This quiz has been taken 108 times
  • The average score is 19 of 21

Answer Stats

HintAnswer% Correct
His auntAunt May
100%
His uncleUncle Ben
100%
His alter-egoPeter Parker
99%
City he lives inNew York City
98%
His love interestsMary Jane Watson
97%
Actors who played Spider-ManAndrew Garfield
95%
VillainGreen Goblin
95%
His love interestsGwen Stacy
94%
Actors who played Spider-ManTobey Maguire
94%
His best friendHarry Osborn
93%
VillainDoctor Octopus
92%
With great power comes ...Great Responsibility
92%
Corporation inherited by the aboveOscorp
92%
VillainElectro
90%
VillainVenom
90%
Newspaper where he worksDaily Bugle
88%
VillainSandman
86%
VillainLizard
84%
Actresses who played the aboveEmma Stone
83%
VillainRhino
79%
Actresses who played the aboveKirstin Dunst
67%

Score Distribution

Percentile by Number Answered

Percent of People with Each Score

Your Score History

You have not taken this quiz